000 01109nam a22004097a 4500
001 BR0102688
003 BR-BrBNA
005 20230928100914.0
007 ta
008 230509b bl.||||| |||| 00| 0 por d
040 _aBR-BrBNA
_bpor
_cBiblioteca Nacional de Agricultura
041 _a(Por)
072 _aE11
090 _ E11 BR0102688
100 1 _aCastro, A.C.
100 1 _aAlmeida, A.M. de
100 1 _aLima, E.N. de
100 1 _aAlimonda, H.
100 1 _aRomano, J.O.
100 1 _aMedeiros, L.S. de
100 1 _aCarneiro, M.J.
100 1 _aMoreira, R.J.
100 1 _aLeite, S.P.
100 1 _aPaula, S.G. de
245 1 _aMundo rural e politica; ensaios interdisciplinares
260 3 _aRio de Janeiro, RJ (Brasil):
_bEditora Campus,
_c1998.
300 _a277 p.
500 _aSeveral bibliography; 6 tables; 17 illus.
650 _aReforma Agraria
650 _aAssentamento
650 _aEstrutura Agraria
650 _aPolitica Agraria
650 _aHistoria
650 _aPolitica Governamental
909 _a202309
_bLucia
_c55
_dLucia Elande
942 _cBK
999 _c63338
_d63338